Witchcraft, magic and divination (Record no. 103328)
[ view plain ]
| 000 -LEADER | |
|---|---|
| fixed length control field | 01197nam a2200301Ia 4500 |
| 100 1# - MAIN ENTRY--AUTHOR NAME | |
| Personal name | Mbunwe-Samba, Patrick. |
| 245 10 - TITLE STATEMENT | |
| Title | Witchcraft, magic and divination |
| 260 ## - PUBLICATION, DISTRIBUTION, ETC. (IMPRINT) | |
| Place of publication | Bamenda, Cameroon : |
| Name of publisher | Langaa RPCIG, |
| Year of publication | c2012. |
| 300 ## - PHYSICAL DESCRIPTION | |
| Number of Pages | x, 96 p. |
| 650 #0 - SUBJECT ADDED ENTRY--TOPICAL TERM | |
| Topical Term | Witchcraft |
| Topical Term | Magic |
| Topical Term | Divination |
| 856 40 - ELECTRONIC LOCATION AND ACCESS | |
| Uniform Resource Identifier | http://site.ebrary.com/lib/rucke/Doc?id=10608744 |
No items available.
